Languages of the UK - Sudden Death - Statistics

General Stats
  • This quiz has been taken 55 times
  • The average score is 4 of 8
Answers on the Grid
Answers color-coded by a green-red scale on the quiz's grid according to % correct below.
English
Scots
Welsh
Cornish
Manx
Irish
Shelta
Faroese
Breton
Greenlandic
Frisian
Patois
Eryri Gaelic
British
Falk Gaelic
 
Answer Stats
Answer % Correct
English
89%
Welsh
82%
Scots
78%
Cornish
69%
Manx
56%
Irish
51%
Faroese
13%
Shelta
9%
No matching quizzes found
Score Distribution
Percent of People with Each Score
Percentile by Number Answered
Your Score History
You have not taken this quiz